000 004300000a22001690004500
003 MACL
005 20150726144926.0
008 150726b xxu||||| |||| 00| 0 eng d
040 _aMACL
_cMACL
041 _aEnglish
082 _a330
100 _aSwaminathan, M S
_92615
245 _aEconomic Ecologists of India
260 _bIndian Enviromental Sociaty
_c1982
_aNew Delhi
650 _aEconomices
_92616
942 _cBK
_k330
_2ddc
999 _c5748
_d5748